| 000 | 00994nam a2200217 a 4500 | ||
|---|---|---|---|
| 999 |
_c8305 _d8305 |
||
| 001 | 8305 | ||
| 003 | BD-JhCC | ||
| 005 | 20181006093220.0 | ||
| 008 | 180220b2001 bg |||| |||| 000 0 ben d | ||
| 035 | _a(BD-JhCC) 8305 | ||
| 040 |
_aBD-JhCC _dBD-JhCC |
||
| 041 | _aben | ||
| 082 |
_a796 _bHOS 2001 |
||
| 100 | _aহোসেন, মোঃ বিল্লাল | ||
| 245 |
_aপ্রশ্নোত্তরে : _bএ্যাথলেটিক্স, সাঁতার, ওয়াটার পোলো, ডাইভিং সিনক্রোনাইজড, পানিতে ডোবা, লাইফ সেভিং হ্যান্ডবল, ভলিবল, টেবিল টেনিস, লন টেনিস, ওয়ার্মিং-আপ এবং ষ্ট্রেংচিং / _cমোঃ বিল্লাল হোসেন |
||
| 260 |
_aঢাকা : _c2001 |
||
| 300 |
_a348 p .: _c22 cm . |
||
| 650 | _aAthleties | ||
| 942 |
_2ddc _cBK |
||